000 00297nam a2200133Ia 4500
008 191201s2006 xx 000 0 und d
082 _a346.066
_bKAC
100 _aKAPOOR, GK
245 0 _aCorporate Laws
260 _aN. Delhi
_bTexman
_c2006
300 _aMISC
650 _aBBA
942 _2ddc
_cBK
999 _c4459
_d4459